Escuela superior de comercio : un siglo de trayectoria educativa /

Guardado en:
Autor Principal: Cernadas, Mabel
Otros Autores: Ciarniello, Nicolás, Marcilese, José, Stacco, Miriam, Tedesco, Marcelo
Formato: Libro
Publicado: Bahía Blanca : Escuela Superior de Comercio, 2003
Materias:
Etiquetas: Agregar Etiqueta
Sin Etiquetas, Sea el primero en etiquetar este registro!
LEADER 00707nam a22002175a 4500
001 CEM.cems017799
005 20120601111509.0
008 130507s2003##################000#0#####d
003 CEMS
020 |a 9874360623 
082 0 4 |a 373.9821 
100 1 |a Cernadas, Mabel 
245 1 0 |a Escuela superior de comercio :  |b un siglo de trayectoria educativa /  |c Mabel Cernadas ... [et Al.] 
260 |a Bahía Blanca :  |b Escuela Superior de Comercio,  |c 2003 
300 |a 147 p. 
653 |a Escuela superior de comercio-historia 
700 1 |a Ciarniello, Nicolás 
700 1 |a Marcilese, José 
700 1 |a Stacco, Miriam 
700 1 |a Tedesco, Marcelo 
859 |a CEMS  |b BIB. CEMS - Agricultura  |h 373.9821  |i C335  |p A1560.12  |t Ej.1